Accidental empires : How the boys of sillicon velley make their millions, battle foreign competition, and still can't get a date

Gespeichert in:
Bibliographische Detailangaben
1. Verfasser: Cringely, Robert X.
Format: Buch
Sprache:Undetermined
Veröffentlicht: Massachusetts Addison Wesley 1992
Schlagworte:
Tags: Tag hinzufügen
Keine Tags, Fügen Sie den ersten Tag hinzu!
Thư viện lưu trữ: Trung tâm Học liệu Trường Đại học Cần Thơ
LEADER 00633nam a2200205Ia 4500
001 CTU_82691
008 210402s9999 xx 000 0 und d
082 |a 338.4 
082 |b C931 
100 |a Cringely, Robert X. 
245 0 |a Accidental empires : 
245 0 |b How the boys of sillicon velley make their millions, battle foreign competition, and still can't get a date 
245 0 |c Robert X. Cringely 
260 |a Massachusetts 
260 |b Addison Wesley 
260 |c 1992 
650 |a Computer industry 
650 |z California 
904 |i QHieu(sửa) 
980 |a Trung tâm Học liệu Trường Đại học Cần Thơ